Online
Catalog

Un asunto de hombres y de mujeres / (Record no. 14483)

MARC details
000 -CABECERA
campo de control de longitud fija 01862nam a2200265 a 4500
001 - NÚMERO DE CONTROL
campo de control 000014903
005 - FECHA Y HORA DE LA ÚLTIMA TRANSACCIÓN
campo de control 20200929163924.0
008 - DATOS DE LONGITUD FIJA--INFORMACIÓN GENERAL
campo de control de longitud fija 100127s2007 dr 001 0 spa d
020 ## - NÚMERO INTERNACIONAL ESTÁNDAR DEL LIBRO
Número Internacional Estándar del Libro 9789945130393
040 ## - FUENTE DE LA CATALOGACIÓN
Centro catalogador/agencia de origen DO-SdBNP
Lengua de catalogación spa
Centro/agencia transcriptor BNPHU
082 ## - NÚMERO DE LA CLASIFICACIÓN DECIMAL DEWEY
Número de clasificación 302.230882
Número de documento/Ítem V145a
100 1# - ENTRADA PRINCIPAL--NOMBRE DE PERSONA
Nombre de persona Valdés Betancourt, Teresa
9 (RLIN) 33746
245 10 - MENCIÓN DE TÍTULO
Título Un asunto de hombres y de mujeres /
Mención de responsabilidad, etc. Teresa Valdés Betancourt ; edición Alina García Vázquez.
260 ## - PUBLICACIÓN, DISTRIBUCIÓN, ETC.
Lugar de publicación, distribución, etc. Santo Domingo :
Nombre del editor, distribuidor, etc. Casa de Cultura Latinoamericana y Caribeña,
Fecha de publicación, distribución, etc. 2007.
Fabricante Mediabyte
300 ## - DESCRIPCIÓN FÍSICA
Extensión 103 p. ;
Dimensiones 22 cm.
500 ## - NOTA GENERAL
Nota general Incluye datos biográficos de la autora en la contracubierta.
504 ## - NOTA DE BIBLIOGRAFÍA, ETC.
Nota de bibliografía, etc. Bibliografía : p. 101- 102.
505 0# - NOTA DE CONTENIDO CON FORMATO
Información miscelánea A manera de presentación:
-- Para quienes realizan, protagonizan y disfrutan de los audiovisuales --
Título Ver, escuchar e imaginar con lenguaje y perspectiva de género --
-- Hablar de género no es solo hablar de mujeres --
-- Desde, antes de nuestra era hasta el siglo XXI --
-- Las mujeres y su reflejo en la comunicación --
-- Para apresar y reproducir ideas --
-- Con cultura de la masculinidad --
-- Nuevas formas digitales con viejos contenidos --
-- No es sólo reflejo de la realidad, la palabra también condiciona --
-- Víctimas del lenguaje sexista --
-- Interrogantes que todos y todas podemos respondernos --
-- Propuesta de nuevos puntos de vista con visión de género --
-- Cimarronas: mitos, silencios y realidades --
-- Ni víctima, ni victimaria --
-- A manera de epílogo: Fidel, en la lucha por la equidad social y de género --
Información miscelánea Anexos.
590 ## - NOTA LOCAL (RLIN)
Nota local Inventariado, 2018/BT
650 #4 - PUNTO DE ACCESO ADICIONAL DE MATERIA--TÉRMINO DE MATERIA
Término de materia o nombre geográfico como elemento de entrada Comunicación
Subdivisión general Diferencias sexuales
-- Investigaciones
9 (RLIN) 33747
650 #4 - PUNTO DE ACCESO ADICIONAL DE MATERIA--TÉRMINO DE MATERIA
Término de materia o nombre geográfico como elemento de entrada Mujeres en los medios de comunicación de masas
9 (RLIN) 11705
650 #4 - PUNTO DE ACCESO ADICIONAL DE MATERIA--TÉRMINO DE MATERIA
Término de materia o nombre geográfico como elemento de entrada Mujeres-condiciones sociales
9 (RLIN) 2526
700 1# - PUNTO DE ACCESO ADICIONAL--NOMBRE DE PERSONA
Nombre de persona García Vázquez, Alina,
Término indicativo de función/relación ed.
9 (RLIN) 33748
910 ## - DATOS DE OPCIÓN DEL USUARIO (OCLC)
Datos de opción del usuario Validado. Control de calidad. EMS
Holdings
Estado de retiro Estado de pérdida Restricciones de uso No para préstamo Código de colección Localización permanente Ubicación/localización actual Ubicación en estantería Fecha de adquisición Número de inventario Total de préstamos Signatura topográfica completa Código de barras Fecha visto por última vez Número de copia Precio válido a partir de Tipo de ítem Koha
        Dominicana de Servicio General General Depósito 27.01.2010 LF1   302.230882 V145a 14903-30 25.06.2020 e. 3 25.06.2020 Libro y Folleto Colección Dominicana de Servicio
        Dominicana de Servicio General General Depósito 27.01.2010 LF1   302.230882 V145a 14903-40 25.06.2020 e. 4 25.06.2020 Libro y Folleto Colección Dominicana de Servicio
        Dominicana de Servicio General General Depósito 27.01.2010 LF1   302.230882 V145a 14903-50 25.06.2020 e. 5 25.06.2020 Libro y Folleto Colección Dominicana de Servicio
      Excluido de préstamo Patrimonio Dominicano Patrimonio Dominicano Patrimonio Dominicano Depósito 27.01.2010 LF1   302.230882 V145a 14903-10 25.06.2020   25.06.2020 Libro y Folleto Colección Patrimonio Dominicano
      Excluido de préstamo Patrimonio Dominicano Patrimonio Dominicano Patrimonio Dominicano Depósito 27.01.2010 LF1   302.230882 V145a 14903-20 25.06.2020 e. 2 25.06.2020 Libro y Folleto Colección Patrimonio Dominicano

Powered by Koha